Mettez les prénoms que vous voulez ! - Statistiques

Statistiques générales
  • Ce quiz a été pris 237 fois
  • Le résultat moyen est 4 sur 40
Statistiques - réponses
Hint Réponse % Correct
33 Luc
43%
36 Léo
40%
17 Marc
27%
14 Anna
25%
18 Michel
25%
16 Jules
23%
37 Juliette
21%
19 Lucie
20%
8 Rose
14%
39 Alice
13%
32 Isabelle
13%
9 Zoé
13%
28 Daniel
11%
40 Dominique
11%
3 John
11%
6 Quentin
11%
35 Yann
7%
15 Célia
5%
21 Elodie
5%
25 William
5%
27 Olivia
4%
24 Robin
4%
2 Adam
3%
26 James
3%
4 Elie
2%
29 Harry
2%
22 Ilan
2%
38 Lana
2%
1 Léonie
2%
5 Melissa
2%
20 Zélie
2%
10 Dimitri
1%
31 Elena
1%
13 Mélodie
1%
34 Violette
1%
12 Aimée
0%
30 Cassie
0%
7 Connor
0%
11 Joshua
0%
23 Tessa
0%
Aucun quiz correspondant
Distribution des résultats
% des personnes avec chaque résultat
Percentile par nombre de réponses
Votre historique - résultats
Vous n’avez pas pris ce quiz